000 00993nam0a22002531 4500
001 rc\1183172
005 20041129085801.5
035 _a(NLR Aleph) 006425133
090 _a5490019
_c5490019
100 _a20041129d1980 u |0rusy50 ca
101 0 _arus
102 _aRU
105 _aa |||||||||
200 1 _aНаучные основы размещения природных резерватов Свердловской области
_e[Сб. статей]
_fАН СССР. Урал. науч. центр
_g[Отв. ред. С.А. Мамаев]
210 _aСвердловск
_cУНЦ АН СССР
_d1980
215 _a151 с.
_cил.
_d22
320 _aБиблиогр.: с. 144-148
702 1 _aМамаев
_bС. А.
_gСтанислав Александрович
_4340
712 0 2 _aАН СССР
_bУральский науч. центр
_3RU\NLR\AUTH\889956068
801 0 _aRU
_bNLR
_gpsbo
801 1 _aRU
_bELAR
_2rusmarc
852 _aNLR
_j81-5/5372
942 _cBOOK
980 _aNB